1420, la aventura de educar
Documental que narra la historia de cómo Domingo Faustino Sarmiento contrató a 65 mujeres norteamericanas para que formaran maestros nativos y poder así establecer escuelas normales y públicas en todo el territorio argentino.
Guardado en:
| Autor Principal: | |
|---|---|
| Autor Corporativo: | |
| Otros Autores: | , , , , |
| Formato: | |
| Idioma: | Undetermined |
| Publicado: |
Argentina :
INCAA,
2005.
|
| Materias: | |
| Etiquetas: |
Agregar Etiqueta
Sin Etiquetas, Sea el primero en etiquetar este registro!
|
| LEADER | 01216ngm a22002535a 4500 | ||
|---|---|---|---|
| 001 | CEM.cems020304 | ||
| 008 | 230803s2005####xx#---############vlund#d | ||
| 005 | 20230803193435.0 | ||
| 245 | 1 | 0 | |a 1420, la aventura de educar |h [videograbación] / |c Raúl Alberto Tosso. |
| 260 | |a Argentina : |b INCAA, |c 2005. | ||
| 300 | |a 89'. | ||
| 520 | |a Documental que narra la historia de cómo Domingo Faustino Sarmiento contrató a 65 mujeres norteamericanas para que formaran maestros nativos y poder así establecer escuelas normales y públicas en todo el territorio argentino. | ||
| 538 | |a 1. Soporte: DVD -- Formato: AVI Peso: 827mb -- Resolución: 592 x 368 -- 29.97fps -- 2. Soporte: DVD -- Formato: MPEG Peso: 482mb -- Resolución: 320 x 240 -- 25fps | ||
| 590 | |a Identificación anterior: 106 | ||
| 100 | 1 | |a Tosso, Raúl Alberto. | |
| 700 | 1 | |a Juzyn, Olga; Guionista. | |
| 700 | 1 | |a Tozzi, Susana; Idea original. | |
| 700 | 1 | |a Maio, Mabel; Producción ejecutiva. | |
| 700 | 1 | |a González, Franca; Producción ejecutiva. | |
| 700 | 1 | |a Furriel, Joaquín; Narrador. | |
| 710 | 2 | |a INCAA. | |
| 653 | |a LARGOMETRAJE | ||
| 653 | |a DOCUMENTAL | ||
| 859 | |a CEMS |b BIB. CEMS - Depto. Recursos Didacticos |h 778.5 |i TOS |k DRD |p 3060.23 |t Ej.1 | ||
